| 000 | 00433nam a2200157Ia 4500 | ||
|---|---|---|---|
| 008 | 230312s9999||||xx |||||||||||||| ||und|| | ||
| 020 | _a978812033020-7 | ||
| 082 |
_a621.381 _bSTR-S |
||
| 100 | _aStreetmen,Ben.G | ||
| 245 | 0 | _aSolid State Electronic Devices | |
| 260 |
_bPrentice Hall India _aIndia _c2006 |
||
| 300 | _a581 | ||
| 546 | _aEng. | ||
| 650 |
_aEngineering _vCrystal Properties and Growth of Semiconductors |
||
| 942 | _cBK | ||
| 999 |
_c6292 _d6292 |
||